ブックカバーから書店チェーンを当てる - Statistics

General Stats
  • This quiz has been taken 31 times
  • The average score is 3 of 22
Answer Stats
Picture Answer % Correct
紀伊國屋書店
55%
丸善
41%
くまざわ書店
38%
ジュンク堂書店
31%
宮脇書店
21%
三省堂書店
17%
未来屋書店
17%
有隣堂
14%
旭屋書店
14%
文教堂書店
10%
コーチャンフォー
10%
BOOK EXPRESS
10%
HMV&BOOKS
10%
蔦屋書店
7%
大垣書店
7%
書泉
3%
啓文堂書店
3%
明屋書店
3%
ふたば書房
3%
八重洲ブックセンター
3%
明林堂書店
0%
GEO BOOKS
0%
No matching quizzes found
Score Distribution
Percent of People with Each Score
Percentile by Number Answered
Your Score History
You have not taken this quiz